সন্মার্গ সপর্যা / (Record no. 2586)
[ view plain ]
| 000 -LEADER | |
|---|---|
| fixed length control field | 00778nam a22002297a 4500 |
| 003 - CONTROL NUMBER IDENTIFIER | |
| control field | BD-DhJNU |
| 005 - DATE AND TIME OF LATEST TRANSACTION | |
| control field | 20260128123255.0 |
| 008 - FIXED-LENGTH DATA ELEMENTS--GENERAL INFORMATION | |
| fixed length control field | 260128b |||||||| |||| 00| 0 eng d |
| 020 ## - INTERNATIONAL STANDARD BOOK NUMBER | |
| International Standard Book Number | 9788195022243 |
| 040 ## - CATALOGING SOURCE | |
| Original cataloging agency | BD-DhJNU |
| Language of cataloging | ENG |
| Transcribing agency | BD-DhJNU |
| Modifying agency | BD-DhJNU |
| 082 ## - DEWEY DECIMAL CLASSIFICATION NUMBER | |
| Edition number | 23 |
| Classification number | 891.444 MIS |
| 100 ## - MAIN ENTRY--PERSONAL NAME | |
| Personal name | মিত্র, শম্ভু |
| 242 ## - TRANSLATION OF TITLE BY CATALOGING AGENCY | |
| Title | The stage of death / |
| Statement of responsibility, etc. | Shambhu Mitra |
| 245 ## - TITLE STATEMENT | |
| Title | সন্মার্গ সপর্যা / |
| Statement of responsibility, etc. | শম্ভু মিত্র |
| 246 ## - VARYING FORM OF TITLE | |
| Title proper/short title | Sanmārga saparyā |
| 250 ## - EDITION STATEMENT | |
| Edition statement | 4th ed |
| 260 ## - PUBLICATION, DISTRIBUTION, ETC. | |
| Place of publication, distribution, etc. | কলকাতা : |
| Name of publisher, distributor, etc. | এম. সি. সরকার, |
| Date of publication, distribution, etc. | 1428 b. |
| 300 ## - PHYSICAL DESCRIPTION | |
| Extent | ২০৫ পৃ. : |
| Other physical details | চিত্র ; |
| Dimensions | ২২ সেমি.। |
| 650 ## - SUBJECT ADDED ENTRY--TOPICAL TERM | |
| Topical term or geographic name entry element | প্রবন্ধ |
| 650 ## - SUBJECT ADDED ENTRY--TOPICAL TERM | |
| Topical term or geographic name entry element | Treatise |
| 942 ## - ADDED ENTRY ELEMENTS (KOHA) | |
| Source of classification or shelving scheme | Dewey Decimal Classification |
| Koha item type | Books |
| Suppress in OPAC | No |
| Withdrawn status | Lost status | Source of classification or shelving scheme | Damaged status | Not for loan | Collection | Home library | Current library | Shelving location | Date acquired | Source of acquisition | Total checkouts | Full call number | Barcode | Date last seen | Copy number | Price effective from | Koha item type |
|---|---|---|---|---|---|---|---|---|---|---|---|---|---|---|---|---|---|
| Dewey Decimal Classification | Non-fiction | Jagannath University Central Library | Jagannath University Central Library | General stacks | 01/28/2026 | Purchased | 891.444 MIS | JNUCL36185 | 01/28/2026 | 1 | 01/28/2026 | Books |